[Event "EU-chT (Men) 16th"]
[Site "Heraklion"]
[Date "2007.10.30"]
[Round "3.3"]
[White "Gashimov, Vugar"]
[Black "Schandorff, Lars"]
[Result "1/2-1/2"]
[WhiteElo "2664"]
[BlackElo "2520"]
[Annotator "Schandorff,L"]
[PlyCount "129"]
[EventDate "2007.10.28"]
[EventType "team-swiss"]
[EventRounds "9"]
[EventCountry "GRE"]
[SourceTitle "CBM 121"]
[Source "ChessBase"]
[SourceDate "2007.11.14"]
[SourceVersion "1"]
[SourceVersionDate "2007.11.14"]
[SourceQuality "1"]
[WhiteTeam "Azerbaijan"]
[BlackTeam "Denmark"]
[WhiteTeamCountry "AZE"]
[BlackTeamCountry "DEN"]

1. e4 e5 2. Nf3 Nc6 3. Bb5 a6 4. Ba4 Nf6 5. O-O Be7 6. Re1 b5 7. Bb3 d6 8. c3
O-O 9. h3 Na5 10. Bc2 c5 11. d4 Nd7 12. Nbd2 exd4 $5 {A risky variation, that
suffers a big blow in this game.} 13. cxd4 Nc6 14. d5 Nce5 15. a4 $1 {It is to
White's advantage to open the a-file.} Rb8 (15... b4 $6 16. Nxe5 Nxe5 17. f4
Ng6 18. Nc4 $16) 16. Nxe5 Nxe5 17. axb5 axb5 18. f4 Ng6 19. Nf3 Bh4 {This
bishop manoeuvre is standard.} 20. Rf1 $1 (20. Nxh4 Qxh4 21. f5 Ne5 $11) 20...
Bg3 {The point. Black forces White to play f5 and gets e5 for his pieces.} 21.
f5 Ne5 22. Ng5 $1 {Goes for the initiative.} Nd7 (22... h6 $6 23. f6 $1 hxg5
24. Bxg5 g6 25. Ra3 {And the black bishop is not particularly happy anymore.})
23. e5 $1 $146 {With a strong attack. It is a well known novelty.} Bxe5 24.
Nxh7 $1 {The spectacular point.} Qh4 ({If Black takes the knight he is mated
by force:} 24... Kxh7 25. Qh5+ Kg8 26. f6 Nxf6 (26... g6 27. Bxg6) 27. Rxf6 {
I have to sacrifice an exchange to avoid disaster.}) 25. Nxf8 Kxf8 26. Qf3 Nf6
{Black has good positional compensation on the dark squares. Gashimov decides
to give up a pawn in order to exchange some pieces and get a better endgame. A
good practical decision.} 27. Bf4 $1 Bxf4 28. Qxf4 Qxf4 29. Rxf4 Nxd5 30. Rh4
Kg8 {Otherwise Rh8.} 31. Kf2 Ne7 32. Rf4 Nd5 33. Rf3 Nb4 34. Bb1 Bb7 35. Re3
Kf8 {Back again.} 36. h4 {Hopes to create a distant passed pawn.} d5 (36... Nc6
37. f6 Ne5) 37. f6 $1 d4 38. Rg3 gxf6 39. h5 d3 (39... Ke7 40. h6 Rh8 41. h7)
40. h6 $2 {A big mistake in the last move before the time control. I was in
time trouble and Gashimov played too quickly in order to confuse me.} (40. Bxd3
Nxd3+ 41. Rxd3 Kg7 42. Ra7 Be4 43. Rg3+ Kh6 44. Rxf7 $18) 40... Be4 $1 {
Stops the h-pawn and defends d3. Suddenly Black is on top.} 41. Ke3 Bg6 42. Kd2
Kg8 43. Ra7 Kh7 44. Rh3 c4 45. Rd7 Nc6 46. Rd6 Ne5 47. Rh1 (47. Rxf6 b4 48. Rh1
c3+ 49. bxc3 Nc4+) 47... b4 48. Rd4 Rc8 49. Rc1 c3+ $2 ({I had missed} 49...
Kxh6 50. Ba2 b3 51. Bxb3) (49... Bf5 50. Rf4 Be6 51. Rxf6 Rg8 52. Rg1 Rg5 {
with good winning chances. The white bishop is completely out of play.}) 50.
bxc3 Nc4+ 51. Rxc4 Rxc4 52. Bxd3 Bxd3 53. Kxd3 Rxc3+ 54. Rxc3 bxc3 55. Kxc3
Kxh6 56. Kd4 Kg5 57. Kd5 $1 {The pawn ending is drawn. The white king attacks
the black pawns from behind.} f5 58. Kd6 f4 59. Ke5 Kg4 60. Kf6 Kh4 61. Kf5 Kg3
62. Kg5 f6+ 63. Kf5 f3 64. gxf3 Kxf3 65. Kxf6 1/2-1/2

[Event "Dortmund-B"]
[Site "Dortmund"]
[Date "1991.??.??"]
[Round "3"]
[White "Geller, Efim P"]
[Black "Romanishin, Oleg M"]
[Result "1-0"]
[WhiteElo "2525"]
[BlackElo "2610"]
[Annotator "Schussler,H"]
[PlyCount "183"]
[EventDate "1991.03.23"]
[EventType "tourn"]
[EventRounds "9"]
[EventCountry "GER"]
[EventCategory "10"]
[SourceTitle "CBM 023"]
[Source "ChessBase"]
[SourceDate "1991.08.01"]
[SourceVersion "1"]
[SourceVersionDate "1991.08.01"]
[SourceQuality "1"]

1. e4 e5 2. Nf3 Nc6 3. Bb5 a6 4. Ba4 Nf6 5. O-O Be7 6. Re1 b5 7. Bb3 d6 8. c3
O-O 9. h3 Na5 10. Bc2 c5 11. d4 Bb7 12. Nbd2 cxd4 13. cxd4 exd4 14. Nxd4 Re8
15. Nf1 Bf8 16. Ng3 g6 {16. - d5 is risky because of 17.Bg5! intending 17. -
dxe4 18.Nh5! as in Smagin-Romanishin, Berlin 1990.} 17. b3 Nc6 (17... Bg7 18.
Bb2 d5 19. e5 Ne4 $10 {Sax-Murey, Sevilla 1987}) 18. Bb2 (18. Nxc6 {This leads
to similar play as 18.Bb2, but perhaps it`s a good idea to force the B to go
to c6 where it hinders a later Black R at c8.} Bxc6 19. Bb2 Bg7 20. Qd2 Qc7 21.
Rac1 Rac8 22. Bb1 Qb8 $14 {Renet,O-Romanishin,O Dortmund-B 1991 (CBM 23, game
143)}) 18... Rc8 19. Qd2 Nxd4 20. Bxd4 Nd7 21. Rad1 $14 Qh4 22. Bb1 Nc5 23. Bb2
Ne6 24. Qe3 Ba8 25. Nf1 h5 26. Qg3 Qxg3 27. Nxg3 Nc5 28. f3 d5 29. exd5 Rxe1+
30. Rxe1 Bxd5 31. Rd1 Bb7 32. Bf6 a5 33. Rd8 Rxd8 34. Bxd8 a4 35. bxa4 bxa4 36.
Kf2 f5 37. Ne2 Kf7 38. h4 Ba6 39. Bg5 Nd3+ 40. Ke3 Bc5+ 41. Kd2 Bb4+ 42. Ke3
Nb2 43. Nf4 Bc3 44. Bc2 Bc4 45. Ne2 Bg7 46. Nc1 Bb5 47. Kd2 Nc4+ 48. Kd1 Bh8
49. Ke2 Ke6 50. Nd3 Na3 $2 51. Bxa4 $16 Bxa4 52. Nc5+ Kd5 53. Nxa4 Nc2 54. Nb6+
Kc6 55. Nc4 Kc5 56. Ne3 Nd4+ 57. Kd3 Ne6 58. Be7+ Kb5 59. Nd5 Be5 60. Nc3+ Kc6
61. Ne2 Kd5 62. Bb4 Bc7 63. Bd2 Bd8 64. g3 Nc5+ 65. Kc3 Ba5+ 66. Kc2 Bc7 67.
Bf4 Ba5 68. Be3 Ne6 69. Kd3 Be1 70. Nf4+ Nxf4+ 71. Bxf4 Kc5 72. Ke3 Kd5 73. a4
Ba5 74. Bb8 Be1 75. Bc7 Kc6 76. Bf4 Kd5 77. Bb8 Ba5 78. Kd3 {Not 78.Kf4...} Be1
79. Bf4 Kc5 80. Ke2 Ba5 81. Bd2 Bc7 82. Be1 Kc4 83. a5 Kb5 84. Ke3 Be5 85. Kd3
Kc5 86. f4 Bb2 87. Bc3 Ba3 88. a6 $18 Kb6 89. Kd4 Kxa6 90. Ke5 Kb5 91. Kf6 Kc4
92. Be5 1-0

[Event "Groningen op"]
[Site "Groningen"]
[Date "1990.??.??"]
[Round "3"]
[White "Akopian, Vladimir Eduardovic"]
[Black "Motwani, Paul"]
[Result "0-1"]
[WhiteElo "2535"]
[BlackElo "2425"]
[Annotator "Schussler,H"]
[PlyCount "114"]
[EventDate "1990.??.??"]
[EventType "swiss"]
[EventRounds "9"]
[EventCountry "NED"]
[SourceTitle "CBM 022"]
[Source "ChessBase"]
[SourceDate "1991.06.01"]
[SourceVersion "1"]
[SourceVersionDate "1991.06.01"]
[SourceQuality "1"]

1. e4 e5 2. Nf3 Nc6 3. Bb5 a6 4. Ba4 Nf6 5. O-O Be7 6. Re1 b5 7. Bb3 d6 8. c3
O-O 9. h3 Na5 10. Bc2 c5 11. d4 cxd4 12. cxd4 Bb7 13. Nbd2 exd4 14. Nxd4 Re8
15. b3 Bf8 16. Bb2 Rc8 17. Qf3 g6 18. Rad1 Bg7 19. Bb1 $14 Qe7 20. Re3 Nc6 21.
Nxc6 Bxc6 22. Rde1 Nh5 23. Bxg7 Kxg7 24. Qd1 Nf4 25. Nf3 Ne6 26. b4 Red8 27.
Rd3 Bb7 28. a3 Rc4 29. Nd2 Rd4 30. Rxd4 Nxd4 31. Nf1 Ne6 32. Ne3 Qg5 33. g3 Qe5
34. Ng4 Qb2 35. Qd3 h5 36. Nh2 Rc8 37. Rf1 Ng5 38. Qe3 Qe5 39. f4 Rc3 40. fxe5
Rxe3 41. Kf2 Rb3 42. exd6 Rb2+ 43. Kg1 Nxh3+ 44. Kh1 Nf2+ 45. Kg1 Nh3+ 46. Kh1
Nf2+ 47. Kg1 Nxe4 48. Bxe4 Bxe4 49. Rf2 (49. Rd1 Rg2+ 50. Kf1 Rxh2 51. d7 Rh1+
52. Ke2 Bf3+ $19) 49... Rxf2 50. Kxf2 Kf6 51. Ke3 Bg2 52. Kd4 Ke6 53. Kc5 Kd7
54. g4 f5 55. gxh5 gxh5 56. Kb6 Kxd6 57. Kxa6 Kc6 0-1

[Event "Reggio Emilia Top15 33rd"]
[Site "Reggio Emilia"]
[Date "1991.??.??"]
[Round "?"]
[White "Ljubojevic, Ljubomir"]
[Black "Romanishin, Oleg M"]
[Result "1/2-1/2"]
[WhiteElo "2590"]
[BlackElo "2610"]
[Annotator "Schussler,H"]
[PlyCount "53"]
[EventDate "1991.01.??"]
[EventType "tourn"]
[EventRounds "14"]
[EventCountry "ITA"]
[EventCategory "15"]
[SourceTitle "CBM 022"]
[Source "ChessBase"]
[SourceDate "1991.06.01"]
[SourceVersion "1"]
[SourceVersionDate "1991.06.01"]
[SourceQuality "1"]

1. e4 e5 2. Nf3 Nc6 3. Bb5 a6 4. Ba4 Nf6 5. O-O Be7 6. Re1 b5 7. Bb3 d6 8. c3
O-O 9. h3 Na5 10. Bc2 c5 11. d4 Bb7 12. b3 cxd4 13. cxd4 Nc6 14. Nc3 $5 Rc8 15.
Bb2 Nxd4 16. Nxd4 exd4 17. Qxd4 Re8 18. Rad1 $14 Bf8 19. Bb1 Qe7 20. Re3 Qe5
21. Qd2 Qg5 22. a3 Re6 23. Re2 Qxd2 24. Rdxd2 Rce8 25. f3 d5 $1 $10 26. exd5
Bxd5 27. Rxe6 1/2-1/2

[Event "FIDE World Cup-A"]
[Site "Hyderabad"]
[Date "2002.10.13"]
[Round "4"]
[White "Ivanchuk, Vassily"]
[Black "Iuldachev, Saidali"]
[Result "1-0"]
[WhiteElo "2711"]
[BlackElo "2511"]
[Annotator "Wedberg,T"]
[PlyCount "65"]
[EventDate "2002.10.05"]
[EventType "tourn"]
[EventRounds "5"]
[EventCountry "IND"]
[EventCategory "16"]
[SourceTitle "CBM 092"]
[Source "ChessBase"]
[SourceDate "2003.02.06"]
[SourceVersion "1"]
[SourceVersionDate "2003.02.06"]
[SourceQuality "1"]

1. e4 e5 2. Nf3 Nc6 3. Bb5 a6 4. Ba4 Nf6 5. O-O Be7 6. Re1 b5 7. Bb3 d6 8. c3
O-O 9. h3 Na5 10. Bc2 c5 11. d4 Nd7 12. b3 cxd4 13. cxd4 Nc6 14. Nc3 exd4 15.
Nd5 Nde5 16. Nxd4 Nxd4 17. Qxd4 Bxh3 $6 $146 {New, but hardly recommendable.
Black gets a completely cramped game - the P is a poor comfort.} (17... Bf6 18.
Kh1 Bxh3 (18... Re8 $142 {[%cal Yc8b7,Ya8c8]}) 19. gxh3 Qc8 20. Nxf6+ gxf6 21.
Rg1+ Kh8 22. Qe3 Qxc2 23. Qf4 $16 {1/2-1/2 Kasparov,G-Ponomariov,R/Moscow 2002/
CBM 91/[Wedberg] (27). (26)}) 18. f4 $1 Nc6 19. Qc3 Bd7 20. Bb2 f6 21. Rad1 {
[%csl Gb2,Gc2,Gd5][%cal Yb2g7,Yc2h7,Yd1d7,Ye1e7] Dominating position for White.
} Rc8 22. Qd3 Bg4 (22... Be8 23. e5 Bg6 24. f5 Bh5 25. exf6 Bxf6 26. Nxf6+ gxf6
27. Qg3+ Kh8 28. Rxd6 $18) 23. Rd2 Re8 24. b4 Bf8 25. e5 f5 26. e6 Qh4 27. g3
Qh5 28. e7 $1 {Ivanchuk seemingly without effort trades advantage for
advantage and makes a little in between everytime.} Bxe7 (28... Nxe7 29. Bb3
Kh8 30. Nf6 $40) 29. Nxe7+ Nxe7 30. Qxd6 Ng6 (30... Nc6 31. Bb3+ Kh8 32. Rxe8+
Rxe8 33. Qxc6 Re1+ 34. Kf2 Qh2+ 35. Qg2 $18) 31. Bb3+ Kh8 32. Re6 $1 Qh3 33.
Qd7 $1 {[%cal Ye6e8,Yd7g7]} (33. Qd7 Rg8 (33... Qxg3+ 34. Rg2) 34. Bxg7+ Rxg7
35. Qxc8+ $18) 1-0

[Event "Reggio Emilia 9697 39th"]
[Site "Reggio Emilia"]
[Date "1996.12.27"]
[Round "2"]
[White "Bologan, Viktor"]
[Black "Romanishin, Oleg M"]
[Result "1-0"]
[WhiteElo "2600"]
[BlackElo "2555"]
[Annotator "Wedberg,T"]
[PlyCount "69"]
[EventDate "1996.12.26"]
[EventType "tourn"]
[EventRounds "9"]
[EventCountry "ITA"]
[EventCategory "11"]
[SourceTitle "CBM 057"]
[Source "ChessBase"]
[SourceDate "1997.04.01"]
[SourceVersion "1"]
[SourceVersionDate "1997.04.01"]
[SourceQuality "1"]

1. e4 {Petursson} e5 2. Nf3 Nc6 3. Bb5 a6 4. Ba4 Nf6 5. O-O Be7 6. Re1 b5 7.
Bb3 d6 8. c3 O-O 9. h3 Na5 10. Bc2 c5 11. d4 Bb7 12. d5 Nc4 13. b3 Nb6 14. a4
Qc7 $146 {Romanishin comes up with a new move in his favourite line.} (14... c4
) (14... bxa4) (14... Bc8) 15. Na3 (15. a5 Nbd7 16. Nbd2 $14) (15. Nbd2 $5)
15... b4 16. a5 $6 (16. Nb1 bxc3 17. Nxc3 $14) (16. cxb4 cxb4 17. Nb1 Rfc8 18.
Bd3 (18. Ra2 $5) 18... Nbxd5 19. exd5 e4 20. Bxe4 Nxe4 21. Rxe4 Qxc1 22. Nbd2
Qc7 23. Nc4 Bf6 $13) 16... Nbxd5 17. exd5 bxa3 18. c4 Qxa5 19. Rxa3 Qc7 20. Ng5
Rae8 (20... h6 {The automatic response.} 21. h4 $5 {What else?} hxg5 (21... Bc8
22. Qd3 hxg5 23. hxg5 e4 24. Qe3 Bf5 25. Qf4 Bg6 26. gxf6 Bxf6 27. Bxe4 Rfe8
28. Bd2 Rxe4 29. Rxe4 Bxe4 30. Qxe4 $14) 22. hxg5 Nh7 (22... Ne8 23. Qh5 g6 24.
Qh6 Ng7 25. b4 Bc8 26. Ree3 cxb4 27. Rh3 Bxh3 28. Rxh3 $40) 23. Bxh7+ Kxh7 24.
Qh5+ Kg8 25. Re4 Bxg5 (25... g6 26. Qh6 Bd8 27. Rh4 f6 28. Qh8+ Kf7 29. Rh7+
Ke8 30. Rxc7 Rxh8 31. Rxb7 fxg5 $13) 26. Bxg5 f6 27. Bd2 Qf7 $15) 21. Qd3 g6 {
/\ Nf6-h5-g7} 22. Qe2 Qd8 (22... Nh5 $2 23. Nxh7 $1) 23. Bd2 {/\ b3-b4} Nxd5 $1
24. Nxh7 Kxh7 25. cxd5 Kg7 26. b4 cxb4 27. Bxb4 Qb6 (27... Bxd5 28. Rd1 Bb7 29.
Rg3 $36) 28. Rg3 Qb5 $4 (28... Qxb4 29. Rb1 Qd4 30. Rxb7 (30. Qh5 Qh4 $1 $17)
30... Qxd5 31. Qg4 (31. Qh5 Qe6 $17) 31... Rg8 (31... Qxb7 32. Bxg6 $18) (31...
Qe6 32. Qxe6 fxe6 33. Bxg6 $18) 32. Be4 $36) (28... Bxd5 $2 29. Qh5 Rh8 30.
Rxg6+ fxg6 31. Qxg6+ Kf8 32. Rxe5 $18) (28... Rc8 $1 29. Qd3 f5 30. Rxe5 dxe5
31. Bxe7 Rf7 32. d6 $13) 29. Qh5 $1 $18 Rh8 30. Rxg6+ fxg6 31. Qxg6+ Kf8 32.
Qf5+ Kg8 33. Re3 Rh6 {Black has no defense} 34. Rg3+ Kh8 35. Bd2 (35. Bxd6 $18)
({Or} 35. Rg6 $18 {Petursson}) ({Or} 35. Bxd6 {Petursson} Bxd6 36. Qg5 $18 {
This would be mate in three}) 1-0

[Event "Tiraspol"]
[Site "Tiraspol"]
[Date "1994.??.??"]
[Round "9"]
[White "Geller, Efim P"]
[Black "Vasiukov, Evgeni"]
[Result "1-0"]
[WhiteElo "2490"]
[BlackElo "2505"]
[Annotator "Wedberg,T"]
[PlyCount "91"]
[EventDate "1994.??.??"]
[EventType "tourn"]
[EventRounds "9"]
[EventCountry "MDA"]
[EventCategory "10"]
[SourceTitle "CBM 040"]
[Source "ChessBase"]
[SourceDate "1994.06.01"]
[SourceVersion "1"]
[SourceVersionDate "1994.06.01"]
[SourceQuality "1"]

1. e4 {Ernst} e5 2. Nf3 Nc6 3. Bb5 a6 4. Ba4 Nf6 5. O-O Be7 6. Re1 b5 7. Bb3 d6
8. c3 O-O 9. h3 Na5 10. Bc2 c5 11. d4 Bb7 12. Nbd2 (12. d5 $1 $14 {Ernst})
12... cxd4 13. cxd4 exd4 14. Nxd4 Re8 15. b4 Nc6 16. Nxc6 Bxc6 17. Bb2 Rc8 $6 (
17... Nd7 18. Nb3 Bf6 19. Bxf6 Qxf6 20. Nd4 Ne5 21. Nxc6 Nxc6 22. Qd2 Rac8 23.
Bb3 Nd4 $10 {Popovic,P-Romanishin,O/Novy Smokovec/1992/1/4-1/4/27}) 18. Bb3 Bd7
(18... Qb6 {Ernst} 19. Qf3 Qb7 20. Re2 $16 {Moiseev,V-Dresen,U/NWL/1993/}) 19.
Nf3 $14 Be6 20. Bxe6 fxe6 21. Qb3 Bf8 22. Rad1 Nd7 23. Qd3 Rc4 24. a3 Qc8 25.
Bd4 e5 26. Be3 Nf6 27. Bg5 Rc3 28. Qe2 Qc4 (28... Rxa3 {Ernst} 29. Bxf6 gxf6
30. Nh4 $13) 29. Qxc4+ bxc4 30. Bxf6 gxf6 31. Rc1 Rxa3 32. Rxc4 $16 {ץf8} Ra4
33. Rc6 Rb8 34. Nh4 Rbxb4 35. Nf5 Rxe4 36. Rb1 Ra2 (36... Reb4 $1 $17 {Ernst})
37. Rc8 Rf4 38. Nh6+ Kg7 39. Ng4 $18 h5 40. Rb7+ Kg6 41. Ne3 Rfxf2 42. Rxf8 f5
43. Rg8+ Kf6 44. Nd5+ Ke6 45. Nc3 e4 46. Re8+ (46. Re8+ Kf6 47. Nd5+ Kg6 48.
Re6+ Kg5 49. Rg7+ Kh4 50. Rh6 f4 51. Nf6 $18) 1-0

[Event "Hastings 0304 79th"]
[Site "Hastings"]
[Date "2004.01.01"]
[Round "5"]
[White "Kotronias, Vasilios"]
[Black "Hebden, Mark"]
[Result "1/2-1/2"]
[WhiteElo "2626"]
[BlackElo "2560"]
[Annotator "Wedberg,T"]
[PlyCount "104"]
[EventDate "2003.12.28"]
[EventType "tourn"]
[EventRounds "9"]
[EventCountry "ENG"]
[EventCategory "13"]
[SourceTitle "CBM 099"]
[Source "ChessBase"]
[SourceDate "2004.03.30"]
[SourceVersion "1"]
[SourceVersionDate "2004.03.30"]
[SourceQuality "1"]

1. e4 e5 2. Nf3 Nc6 3. Bb5 a6 4. Ba4 Nf6 5. O-O Be7 6. Re1 b5 7. Bb3 O-O 8. c3
d6 9. h3 Na5 10. Bc2 c5 11. d4 Re8 $5 {One of Hebden's pet lines. Black wastes
no time protecting e5. Instead he prepares counterplay against e4 in the event
that White takes the P. And White must take or Black will play Bf8 with a more
efficient deployment of forces than usual.} 12. dxe5 $1 dxe5 13. Nxe5 Bb7 14.
Nd2 (14. Qf3 {has been played as well, but results are better with Nd2.}) (14.
Qxd8 $2 Bxd8 15. Ng4 Nxe4 $11 {1/2-1/2 Lutz,C-Emms,J/Copenhagen 1995/CBM 47
ext (22)}) 14... Bd6 15. Ng4 $5 $146 {[%mdl 8] An interesting novelty aiming
at avoiding the cramped position that results from Nef3.} (15. Nef3 Qc7 (15...
Nxe4 $2 16. Nxe4 Bxe4 17. Bg5 $18) 16. b3 Rad8 17. Bb2 c4 18. Qe2 $14 {Hebden
has played this position a number of times with less than satisfactory results.
White has an extra P, but Black has lasting pressure in the centre - clearly
some compensation for the P. All in all not too bad for Black.}) 15... Nxe4 {
This is playable but it doesn't solve Black´s problems.} (15... Qe7 $142 $14)
16. Nxe4 Bxe4 17. Bg5 $1 (17. Rxe4 {Fritz} Rxe4 18. Bxe4 Bh2+ 19. Kxh2 Qxd1 20.
Bxa8 {White is better but untangling will not be easy.}) 17... Qxg5 18. Bxe4
Rad8 19. Bxh7+ $1 {The point of White's play. He regains his material lead of
one P and gets a clear advantage.} Kxh7 20. Rxe8 Rxe8 21. Qxd6 Re6 22. Qd3+ Rg6
23. f4 $6 {Why? White gives back the P for no apparent reason.} (23. Re1 $1 $16
Nc4 (23... f5 $2 24. Re5 $18) 24. b3 f5 25. bxc4 fxg4 26. h4 $1 $16) 23... Qxf4
24. Rf1 Qc7 25. Rf5 Nc4 26. Rd5 Qe7 27. b3 Nb6 28. Re5 Qd6 29. Qf5 Qd1+ 30. Kf2
Qd2+ 31. Kf3 Qd1+ 32. Kf2 Qd2+ 33. Re2 Qd5 $11 34. Re5 Qd2+ 35. Kf3 Qd1+ 36.
Kg3 Qd6 37. Kh4 Nd7 38. Re8 Nf6 39. Nxf6+ Qxf6+ 40. Qxf6 Rxf6 41. Re5 c4 42.
Rh5+ Kg8 43. Rc5 Rf2 44. bxc4 Rxg2 45. cxb5 axb5 46. Rxb5 f6 47. a4 Kh7 48. a5
Kh6 49. Rh5+ Kg6 50. Rc5 Kh6 51. Rh5+ Kg6 52. Rc5 Kh6 1/2-1/2

[Event "FRA-ch"]
[Site "Val d'Isere"]
[Date "2004.08.16"]
[Round "1"]
[White "Fressinet, Laurent"]
[Black "Le Roux, Jean Pierre"]
[Result "1-0"]
[WhiteElo "2637"]
[BlackElo "2489"]
[Annotator "Wedberg,T"]
[PlyCount "53"]
[EventDate "2004.08.16"]
[EventType "tourn"]
[EventRounds "11"]
[EventCountry "FRA"]
[EventCategory "13"]
[SourceTitle "CBM 103"]
[Source "ChessBase"]
[SourceDate "2004.11.11"]
[SourceVersion "1"]
[SourceVersionDate "2004.11.11"]
[SourceQuality "1"]

1. e4 e5 2. Nf3 Nc6 3. Bb5 a6 4. Ba4 Nf6 5. O-O Be7 6. Re1 b5 7. Bb3 O-O 8. h3
d6 9. c3 Na5 10. Bc2 c5 11. d4 Nd7 12. Nbd2 exd4 13. cxd4 Nc6 14. d5 Nce5 15.
Nxe5 (15. Nh2 {is logical, but has lost it´s steam in the latest few games.}
Ng6 16. g3 Nb6 (16... Nf6 17. h4 Ne5 18. Ndf3 Neg4 19. a4 Rb8 20. axb5 axb5 21.
b3 h5 $13 {0-1 Luther,T-Fressinet,L/playchess.com INT 2004/The Week in Chess
493 (42)}) 17. Qh5 Bf6 18. Ng4 Bxg4 19. hxg4 Nc4 20. Nxc4 bxc4 21. e5 Re8 22.
e6 Qc7 23. Rb1 Nf8 $13 {0-1 Luther,T-Morovic Fernandez,I/Havana CUB 2004/The
Week in Chess 497 (55)}) 15... Nxe5 16. a4 {Anands choice against Ponomariov
in 2002.} (16. f4 Ng6 17. Nf3 f5 {Is this move refuted? Alexander Khalifman
claims to have found an antidote together with A Bezgodov.} 18. e5 dxe5 19.
fxe5 Bb7 20. d6 Bh4 21. Re2 Bg3 22. b4 c4 23. Bg5 $5 {This is the new move.} (
23. Qd4 $2 Qd7 24. Bd2 Rae8 $17 {0-1 Ponomariov,R-Beliavsky,A/Moscow 2002/CBM
90/[Wedberg] (52)}) 23... Qd7 24. e6 $1 Qxd6 25. e7 Rfe8 26. Bxf5 Qxb4 27. Qd7
Qc5+ 28. Kh1 Bxf3 29. gxf3 Kh8 30. Rd1 $18 {an interesting piece of analysis,
but it needs practical testing.}) 16... Bb7 (16... Bd7 17. f4 Ng6 18. Nf3 Bh4 (
18... bxa4 19. Bxa4 Bxa4 20. Rxa4 Qd7 21. f5 Ne5 22. Nxe5 dxe5 23. Bd2 $14 {
1-0 Volokitin,A-Gofshtein,L/Chalkidiki 2002/CBM 92 (38)}) 19. Re2 Bg3 20. e5
dxe5 21. fxe5 Re8 22. e6 fxe6 23. Ng5 Nf8 24. Qd3 $40 {1/2-1/2 David,
A-Fressinet,L/Belfort FRA 2004/The Week in Chess 496 (28)}) (16... Rb8 17. axb5
axb5 18. f4 Ng6 19. Nf3 Bh4 20. Nxh4 Qxh4 21. f5 Ne5 $11 {1/2-1/2 Anand,
V-Ponomariov,R/Mainz 2002/CBM 91/[Wedberg] (36)}) 17. f4 Ng6 18. Nf3 Bh4 19.
Rf1 Bg3 20. f5 Ne5 21. Ng5 $1 {[%mdl 128] White goes for an immediate attack
on the black K. One point is the slightly awkward position of the B on g3, it
can easily get trapped.} Bh4 (21... h6 22. f6 $1 {White should not hesitate to
play this.} (22. Ra3 Bh4 23. Nf3 Bf6 $11) 22... hxg5 23. Bxg5 {[%cal Yd1h5,
Ya1a3] strong attack.}) (21... Nd7 22. e5 $3 Bxe5 23. Nxh7 Kxh7 24. f6+ Kg8 (
24... g6 25. Qh5+) 25. Qh5 g6 26. Bxg6 Nxf6 27. Rxf6 $18) 22. f6 $1 {Blacks
operations on the K-side in combination with placing the B on b7 has given him
a very poor game. White is already close to winning.} g6 23. Qd2 $1 {[%cal
Rg5h7] An excellent move.} Nd7 24. Nxh7 Bxf6 (24... Kxh7 25. Qh6+ Kg8 26. Qg7#)
25. Nxf6+ Nxf6 26. Qh6 Nh7 27. Rf4 (27. Rf4 Qg5 28. Qxg5 Nxg5 29. Rf6 Nh7 30.
Rxd6 $18) 1-0

[Event "Capablanca Memorial-A"]
[Site "Cuba"]
[Date "1993.??.??"]
[Round "13"]
[White "Howell, James C"]
[Black "Hebden, Mark"]
[Result "1/2-1/2"]
[WhiteElo "2470"]
[BlackElo "2520"]
[Annotator "Wedberg,T"]
[PlyCount "39"]
[EventDate "1993.??.??"]
[EventType "tourn"]
[EventRounds "13"]
[EventCountry "CUB"]
[EventCategory "10"]
[SourceTitle "CBM 036"]
[Source "ChessBase"]
[SourceDate "1993.10.01"]
[SourceVersion "1"]
[SourceVersionDate "1993.10.01"]
[SourceQuality "1"]

1. e4 e5 2. Nf3 Nc6 3. Bb5 a6 4. Ba4 Nf6 5. O-O Be7 6. Re1 b5 7. Bb3 O-O 8. c3
d6 9. h3 Na5 10. Bc2 c5 11. d4 Re8 12. a4 $146 (12. Nbd2 Bf8 13. Nf1 cxd4 14.
cxd4 exd4 15. Ng3 g6 16. Nxd4 Bb7 17. b3 d5 {Szalanczy-Hebden, Bern 1992})
12... b4 13. cxb4 cxb4 14. d5 $10 (14. b3 $5) 14... Nd7 15. b3 Nb7 16. Be3 a5
17. Nbd2 Nbc5 18. Nc4 Ba6 19. Nfd2 Rc8 20. Kh1 1/2-1/2